<?xml version="1.0" encoding="UTF-8"?>
<marc:record xmlns:marc="http://www.loc.gov/MARC21/slim">
   <marc:leader>00000nam a2200000 a 4500</marc:leader>
   <marc:datafield ind1="1" ind2=" " tag="100">
      <marc:subfield code="a">Bernuth, Christa v.</marc:subfield>
      <marc:subfield code="4">aut</marc:subfield>
      <marc:subfield code="e">Verfasser/-in</marc:subfield>
   </marc:datafield>
   <marc:datafield ind1="0" ind2="0" tag="245">
      <marc:subfield code="a">Untreu</marc:subfield>
   </marc:datafield>
   <marc:datafield ind1="0" ind2="0" tag="245">
      <marc:subfield code="c">Christa v. Bernuth</marc:subfield>
   </marc:datafield>
   <marc:datafield ind1=" " ind2="1" tag="264">
      <marc:subfield code="a">Augsburg</marc:subfield>
      <marc:subfield code="b">Weltbild Verlag</marc:subfield>
      <marc:subfield code="c">2003</marc:subfield>
   </marc:datafield>
   <marc:datafield ind1="1" ind2=" " tag="490">
      <marc:subfield code="a">¬Die¬ Ermittler (Mona Seiler)</marc:subfield>
      <marc:subfield code="v">2</marc:subfield>
   </marc:datafield>
   <marc:datafield ind1="1" ind2=" " tag="520">
      <marc:subfield code="a">Die Belolaveks waren eine Musterfamilie. Aber jetzt ist Thomas Belolavek tot, er wurde ermordet und unter dem eigenen Gartenhaus vergraben. Von seiner Frau Karin und ihrer Tochter Maria fehlt jede Spur. Sind sie ebenfalls tot, oder sind sie in das Verbrechen verwickelt? Als Kriminalhauptkommissarin Mona Seiler zu ermitteln beginnt, wird sie mit Gerüchten konfrontiert: Theresa Leitner, eine Freundin der Belolaveks, behauptet, Karin habe ein Verhältnis mit einem jungen Mann gehabt, der wegen Mordes an seiner Freundin mehrere Jahre im Jugendgefängnis saß. Fieberhaft suchen Mona und ihre Kollegen nach dem vermeintlichen Geliebten. Als sie ihn schließlich finden, wird er kurz darauf ermordet. Und Mona weiß, dass sie rasch handeln muss, wenn sie weitere Verbrechen verhindern will ...</marc:subfield>
   </marc:datafield>
   <marc:datafield ind1=" " ind2=" " tag="020">
      <marc:subfield code="a">4026411117324</marc:subfield>
      <marc:subfield code="9">4026411117324</marc:subfield>
   </marc:datafield>
   <marc:datafield ind1=" " ind2=" " tag="300">
      <marc:subfield code="a">350 S.</marc:subfield>
   </marc:datafield>
</marc:record>
